Top Goalscorers For Atletico Madrid - Statistics

General Stats
  • This quiz has been taken 32 times
  • The average score is 5 of 12
Answer Stats
# Goals Answer % Correct
#1 190 Antoine Griezmann
95%
#5 101 Sergio Aguero
73%
#7 96 Diego Forlan
64%
#11 85 Angel Correa
59%
#12 83 Diego Costa
59%
#3 129 Fernando Torres
55%
#2 158 Luis Aragones
55%
#6 97 Adelardo
23%
#4 121 Jose Eulogio Garate
23%
#8(tied) 92 Joaquin Peiro
14%
#8(tied) 92 Manolo
14%
#8(tied) 92 Paco Campos
14%
No matching quizzes found
Score Distribution
Percent of People with Each Score
Percentile by Number Answered
Your Score History
You have not taken this quiz